00534nam a22001817a 450000500170000001000150001702000260003203500140005803700130007208200110008510000170009624500570011325000060017026000500017627000750022630000220030170000290032320241029144415.0 aENG-142545 a9789380727035c200.00 aEN-126077 bDBAD/PUB a230.34 aNidhi,Sadhvi aLife's Quest :cby Sadhvi NidhibJourney of the Soul a1 aNew DelhibMaitri Charitable Foundationc2010 aB 117 Okhla Industrial Area, Phase 1bnew Delhik91-9313093444e110021 a172p.c21 cm(pbk) aSadhvi Kripaeco- author